El primer anuncio: el eslabón perdido
Uloženo v:
| Hlavní autor: | |
|---|---|
| Médium: | Kniha |
| Jazyk: | španělština |
| Vydáno: |
Buenos Aires
PPC Cono Sur
2014
|
| Vydání: | 1a. ed |
| Edice: | Cuadernos Aeca, 3
|
| Témata: | |
| Tagy: |
Přidat tag
Žádné tagy, Buďte první, kdo vytvoří štítek k tomuto záznamu!
|
MARC
| LEADER | 00000cam a2200000 a 4500 | ||
|---|---|---|---|
| 001 | UCE5068 | ||
| 003 | CL-VaPUC | ||
| 008 | 141127e20140600ag |||||||||||||||||spa|d | ||
| 020 | |a 9789871931811 | ||
| 082 | 0 | 4 | |a 253.7 |b MOR |2 21 |
| 100 | |a Morlans i Molina, Xavier |e autor |9 577567 | ||
| 245 | 1 | 3 | |a El primer anuncio: el eslabón perdido |
| 250 | |a 1a. ed | ||
| 300 | |a 207 p | ||
| 942 | |c BK | ||
| 945 | |d 20141127 16:34:00 |a arojas | ||
| 260 | |a Buenos Aires |b PPC Cono Sur |c 2014 | ||
| 600 | 0 | |a Jesucristo |9 481811 | |
| 650 | 7 | |a EVANGELIZACION |2 CL-VaPUC |9 577568 | |
| 650 | 0 | |a Secularización |9 258584 | |
| 650 | 0 | |a Pastorales |9 376637 | |
| 583 | |a last modification |c 20141127 16:34:00 |k Rodrigo Vera | ||
| 490 | 0 | |a Cuadernos Aeca, 3 | |
| 999 | |c 357891 |d 357889 | ||
| 952 | |0 0 |1 0 |3 erb |4 0 |6 253_700000000000000_MOR_2014 |7 0 |8 A |9 466031 |a BIBTEO |b BIBTEO |i 5127300 |o 253.7 MOR 2014 |p 5127300 |r 2025-01-17 |w 2019-11-23 |y BK |z Catalogado en:20141127 |k ICR | ||